Consolidación bancaria y concentración del crédito en Brasil (1995-2004) /

保存先:
書誌詳細
第一著者: Castro Almeida, Daniel B. de
その他の著者: Jayme, Frederico G., Jr
フォーマット: テキスト
主題:
タグ: タグ追加
タグなし, このレコードへの初めてのタグを付けませんか!

MARC

LEADER 00000 a a2200000 04500
001 16025
003
040
100 |a Castro Almeida, Daniel B. de  
245 |a Consolidación bancaria y concentración del crédito en Brasil (1995-2004) /  |c Daniel B. de Castro Almeida 
650 |a BANCOS  
650 |a CREDITOS  
650 |a ECONOMIA  
650 |a BRASIL  
700 |a Jayme, Frederico G., Jr.  
773 |g número 95; páginas 157-173  
999 |c 21801  |d 21801